000
00266nam a2200109Ia 4500
001
1276016
005
20260417160439.0
008
260417s9999 xx 000 0 und d
020
_a
9786256309241
245
0
_a
Denize Doğru
_c
Helen Kellock
260
_b
Ketebe Çocuk
999
_c
1276016
_d
1276016